| 000 | 00666nam a2200229 a 4500 | ||
|---|---|---|---|
| 001 | nice12345678 | ||
| 003 | IN_TiNIC | ||
| 005 | 20260116014110.0 | ||
| 008 | 050524s2002 leia grp 000 0 eng | ||
| 020 |
_a1872531512 _c400 |
||
| 082 | 0 | 0 |
_a492.78 _bABD3 |
| 100 | _aAbudr, Rahim | ||
| 245 | _aArabic Course for English-Speaking Students | ||
| 260 |
_aLeicester(uk) _bUK Islamic Academy _c2002 |
||
| 500 | _aincludes index and biblioraphy | ||
| 505 | 2 | _aIndex | |
| 505 | 2 |
_aIndex00 _gV 1. _tArabic Course for English-Speaking Studenst.-- _gV 2. _tArabic Course for English- |
|
| 700 | 1 | _aAbudr, Rahim | |
| 902 | _bSRC | ||
| 942 | _cBK | ||
| 999 |
_c13868 _d13868 |
||